[Event "9th Norway Chess 2021"]
[Site "Stavanger NOR"]
[Date "2021.09.07"]
[Round "1.2"]
[White "Tari,A"]
[Black "Rapport,R"]
[Result "0-1"]
[WhiteTitle "GM"]
[BlackTitle "GM"]
[WhiteElo "2642"]
[BlackElo "2760"]
[WhiteFideId "1510045"]
[BlackFideId "738590"]
[EventDate "2021.09.07"]

1. e4 e6 2. d4 d5 3. Nc3 Bb4 4. exd5 exd5 5. Bd3 Ne7 6. Nf3 Bg4 7. h3 Bh5 8. O-O
Nbc6 9. Be2 O-O 10. Nh4 Bxc3 11. bxc3 Bxe2 12. Qxe2 Re8 13. Qf3 Qd7 14. Bd2 Na5
15. Rae1 Nc4 16. Bc1 a5 17. Qh5 Ra6 18. Nf3 g6 19. Qh4 f6 20. Re2 Nf5 21. Rxe8+
Qxe8 22. Qf4 Qd7 23. Re1 g5 24. Qg4 Re6 25. h4 Rxe1+ 26. Nxe1 Qe6 27. Nd3 Qe4
28. Qxe4 dxe4 29. Nc5 Nxh4 30. Nxb7 Nf5 31. Nc5 Nfd6 32. g4 Kf7 33. Kg2 Kg6 34.
a4 h5 35. gxh5+ Kxh5 36. Kg3 f5 37. Ne6 f4+ 38. Bxf4 Nf5+ 39. Kh3 gxf4 40. Nxf4+
Kh6 41. Ne6 Ne7 42. Nxc7 Kg5 43. Kg2 Kg4 44. Kf1 Kf3 45. Ke1 Nc8 46. Ne6 N8b6
47. Ng5+ Kf4 48. Ne6+ Kg4 49. Nc5 Kf3 50. Nb3 Nxa4 51. d5 Nab6 52. d6 a4 53.
Nd4+ Kf4 54. Nb5 Nxd6 55. Nxd6 a3 0-1

[Event "9th Norway Chess 2021"]
[Site "Stavanger NOR"]
[Date "2021.09.08"]
[Round "2.1"]
[White "Carlsen,M"]
[Black "Tari,A"]
[Result "1/2-1/2"]
[WhiteTitle "GM"]
[BlackTitle "GM"]
[WhiteElo "2855"]
[BlackElo "2642"]
[WhiteFideId "1503014"]
[BlackFideId "1510045"]
[EventDate "2021.09.07"]

1. e4 e5 2. Nf3 Nc6 3. Bc4 Nf6 4. d3 Bc5 5. c3 d6 6. Nbd2 a5 7. Nf1 Be6 8. Bb5
O-O 9. Bg5 h6 10. Bh4 g5 11. Bg3 Nh5 12. Ne3 Qf6 13. Bxc6 bxc6 14. d4 exd4 15.
Nxd4 Bxd4 16. cxd4 Nf4 17. h4 Rfb8 18. b3 a4 19. bxa4 Rb2 20. hxg5 hxg5 21. Bxf4
gxf4 22. Nf5 Bxf5 23. exf5 Re8+ 24. Kf1 Qxf5 25. Rh5 Qg6 26. Rh4 Ree2 27. Qxe2
Rxe2 28. Kxe2 Qe4+ 29. Kf1 Qxd4 30. Re1 Qxa4 31. Kg1 Kf8 32. Rh8+ Kg7 33. Rc8 f3
34. gxf3 Qa5 35. Re4 c5 36. a4 d5 37. Re7 Qxa4 38. Rexc7 c4 39. Rc6 Qa1+ 40. Kg2
Qe5 41. Kh3 Qg5 42. Kh2 Qf4+ 43. Kg2 Qf5 44. Kg3 Qh5 45. Kg2 Qh4 46. R8c7 Qg5+ 1/2-1/2

[Event "9th Norway Chess 2021"]
[Site "Stavanger NOR"]
[Date "2021.09.08"]
[Round "2.3"]
[White "Karjakin,Sergey"]
[Black "Rapport,R"]
[Result "1/2-1/2"]
[WhiteTitle "GM"]
[BlackTitle "GM"]
[WhiteElo "2758"]
[BlackElo "2760"]
[WhiteFideId "14109603"]
[BlackFideId "738590"]
[EventDate "2021.09.07"]

1. e4 c5 2. Nf3 e6 3. d4 cxd4 4. Nxd4 Nc6 5. Nc3 Qc7 6. Be3 a6 7. g4 b5 8. Nxc6
Qxc6 9. Qd2 b4 10. Ne2 Qxe4 11. Rg1 Qc4 12. Nf4 Qc7 13. O-O-O Nf6 14. Bg2 Bb7
15. g5 Ne4 16. Qd4 Nd6 17. Qxb4 Bxg2 18. Nxg2 Rb8 19. Qa4 a5 20. Bd2 Nc4 21. Bc3
Bb4 22. Bxg7 Rg8 23. Bf6 Be7 24. Bc3 Bxg5+ 25. Ne3 Nxe3 26. Rxg5 Rxg5 27. fxe3
Rbb5 28. Qd4 Rbf5 29. e4 Rf3 30. Kb1 f6 31. a4 Rg7 32. h4 h5 33. Qd2 Qf4 34. Qe2
Qg4 35. Qb5 Re7 36. Bxa5 Rf5 37. exf5 Qxd1+ 38. Ka2 exf5 39. Bb4 Rg7 40. Qxf5
Qg4 41. Qxf6 Qxb4 42. Qxg7 Qxa4+ 43. Kb1 Qxh4 44. Qe5+ Kd8 45. Qb8+ Ke7 46. Qe5+
Kd8 47. Qb8+ 1/2-1/2

[Event "9th Norway Chess 2021"]
[Site "Stavanger NOR"]
[Date "2021.09.09"]
[Round "3.1"]
[White "Rapport,R"]
[Black "Carlsen,M"]
[Result "1/2-1/2"]
[WhiteTitle "GM"]
[BlackTitle "GM"]
[WhiteElo "2760"]
[BlackElo "2855"]
[WhiteFideId "738590"]
[BlackFideId "1503014"]
[EventDate "2021.09.07"]

1. Nf3 Nf6 2. c4 g6 3. Nc3 Bg7 4. e4 d6 5. d4 O-O 6. Be2 e5 7. O-O exd4 8. Nxd4
Re8 9. f3 Nc6 10. Nc2 Nh5 11. g4 Be5 12. gxh5 Bxh2+ 13. Kxh2 Qh4+ 14. Kg1 Qg3+
15. Kh1 Qh4+ 16. Kg1 Qg3+ 17. Kh1 Qh4+ 18. Kg1 Qg3+ 1/2-1/2

[Event "9th Norway Chess 2021"]
[Site "Stavanger NOR"]
[Date "2021.09.09"]
[Round "3.2"]
[White "Tari,A"]
[Black "Nepomniachtchi,I"]
[Result "1/2-1/2"]
[WhiteTitle "GM"]
[BlackTitle "GM"]
[WhiteElo "2642"]
[BlackElo "2792"]
[WhiteFideId "1510045"]
[BlackFideId "4168119"]
[EventDate "2021.09.07"]

1. e4 c5 2. Nf3 d6 3. d4 cxd4 4. Nxd4 Nf6 5. Nc3 a6 6. a4 e5 7. Nf3 Be7 8. Bg5
Be6 9. Bxf6 Bxf6 10. Nd5 Nc6 11. Bc4 Ne7 12. O-O Rc8 13. Qd3 Nxd5 14. Bxd5 Bxd5
15. Qxd5 Rxc2 16. Qxb7 Qc8 17. Qd5 Qc6 18. Rad1 Ke7 19. b3 Rc8 20. Qa5 Rb8 21.
Rd3 Kf8 22. Qe1 Rb2 23. Qd1 Qxe4 24. Rxd6 Qb4 25. Qd5 Qxb3 26. Nxe5 Bxe5 27.
Rd8+ Ke7 28. Qxe5+ Kxd8 29. Qd6+ Kc8 30. Qc6+ Kd8 31. Qd6+ Kc8 32. Qc6+ 1/2-1/2

[Event "9th Norway Chess 2021"]
[Site "Stavanger NOR"]
[Date "2021.09.10"]
[Round "4.3"]
[White "Tari,A"]
[Black "Karjakin,Sergey"]
[Result "1/2-1/2"]
[WhiteTitle "GM"]
[BlackTitle "GM"]
[WhiteElo "2642"]
[BlackElo "2758"]
[WhiteFideId "1510045"]
[BlackFideId "14109603"]
[EventDate "2021.09.07"]

1. e4 e5 2. Nf3 Nc6 3. Bb5 Nf6 4. O-O Nxe4 5. Re1 Nd6 6. Nxe5 Be7 7. Bf1 Nxe5 8.
Rxe5 O-O 9. d4 Bf6 10. Re1 Re8 11. Bf4 Rxe1 12. Qxe1 Ne8 13. Qc3 d5 14. Nd2 Bf5
15. Re1 c6 16. Bd3 Bxd3 17. Qxd3 Nc7 18. Nf3 Ne6 19. Be5 Be7 20. c3 Qb6 21. Re2
Re8 22. h4 h5 23. Bg3 Bf6 24. Be5 Bxe5 25. Rxe5 Qxb2 26. Ng5 Qc1+ 27. Kh2 Qf4+
28. Kg1 Qc1+ 29. Kh2 Qf4+ 30. Kg1 Qc1+ 1/2-1/2

[Event "9th Norway Chess 2021"]
[Site "Stavanger NOR"]
[Date "2021.09.12"]
[Round "5.1"]
[White "Karjakin,Sergey"]
[Black "Carlsen,M"]
[Result "1-0"]
[WhiteTitle "GM"]
[BlackTitle "GM"]
[WhiteElo "2758"]
[BlackElo "2855"]
[WhiteFideId "14109603"]
[BlackFideId "1503014"]
[EventDate "2021.09.07"]

1. e4 c5 2. Nf3 Nc6 3. d4 cxd4 4. Nxd4 Nf6 5. Nc3 e5 6. Ndb5 d6 7. Nd5 Nxd5 8.
exd5 Ne7 9. c4 Ng6 10. Qa4 Bd7 11. Qb4 Qb8 12. h4 h5 13. Be3 a6 14. Nc3 Be7 15.
g3 O-O 16. Be2 b5 17. cxb5 axb5 18. Bxh5 Bd8 19. O-O Ne7 20. Bg5 Ba5 21. Qb3 Nf5
22. Ne2 Bb6 23. Rac1 Ra4 24. Rc6 Bxc6 25. dxc6 Rc4 26. a4 Nd4 27. Nxd4 Bxd4 28.
axb5 d5 29. Rc1 Rxc1+ 30. Bxc1 Qb6 31. Be3 Bxe3 32. fxe3 Rd8 33. Kg2 g6 34. Be2
Kg7 35. Qc3 d4 36. exd4 exd4 37. Qd3 Qa5 38. Qc2 Qb4 39. b3 Re8 40. Bc4 Re7 41.
Qf2 Qc3 42. Qf3 Qb4 43. Kh3 Qd6 44. Qf4 Qxf4 45. gxf4 d3 46. Bxd3 Re3+ 47. Kg2
Rxd3 48. b6 Rxb3 49. b7 Rb6 50. h5 gxh5 51. Kh3 Rxc6 52. b8=Q Rc5 53. Qb2+ f6
54. Kh4 1-0

[Event "9th Norway Chess 2021"]
[Site "Stavanger NOR"]
[Date "2021.09.12"]
[Round "5.2"]
[White "Nepomniachtchi,I"]
[Black "Rapport,R"]
[Result "1/2-1/2"]
[WhiteTitle "GM"]
[BlackTitle "GM"]
[WhiteElo "2792"]
[BlackElo "2760"]
[WhiteFideId "4168119"]
[BlackFideId "738590"]
[EventDate "2021.09.07"]

1. Nf3 d5 2. d4 Nf6 3. Bf4 Bf5 4. c4 e6 5. Nc3 Nbd7 6. e3 Bb4 7. Rc1 O-O 8. Be2
c5 9. O-O cxd4 10. Nxd4 Bg6 11. Bg3 Bxc3 12. bxc3 dxc4 13. Bd6 Re8 14. Nb5 Nd5
15. Bxc4 N7b6 16. Bxd5 Nxd5 17. Bg3 Re7 18. c4 Nf6 19. Qxd8+ Rxd8 20. Nxa7 Ra8
21. Nb5 Rxa2 22. Ra1 Rxa1 23. Rxa1 h6 24. f3 Bd3 25. Nd6 Rc7 26. e4 Nh5 27. Be1
f6 28. Ra4 Nf4 29. Bd2 e5 30. Rb4 Ne6 31. Be3 h5 32. Rb6 Rc6 33. c5 Ba6 34. g3
Rxb6 35. cxb6 Kf8 36. f4 1/2-1/2

[Event "9th Norway Chess 2021"]
[Site "Stavanger NOR"]
[Date "2021.09.13"]
[Round "6.2"]
[White "Karjakin,Sergey"]
[Black "Nepomniachtchi,I"]
[Result "1/2-1/2"]
[WhiteTitle "GM"]
[BlackTitle "GM"]
[WhiteElo "2758"]
[BlackElo "2792"]
[WhiteFideId "14109603"]
[BlackFideId "4168119"]
[EventDate "2021.09.07"]

1. d4 Nf6 2. c4 e6 3. Nf3 d5 4. g3 Be7 5. Bg2 O-O 6. O-O dxc4 7. Ne5 Nc6 8. Bxc6
bxc6 9. Nxc6 Qe8 10. Nxe7+ Qxe7 11. Nc3 Rd8 12. Qa4 Rxd4 13. Be3 e5 14. Qc6 Rb8
15. Bxd4 exd4 16. Nd5 Nxd5 17. Qxd5 c5 18. Qxc4 Bh3 19. b3 Bxf1 20. Kxf1 Re8 21.
Rc1 h5 22. Qd3 g6 23. h4 Qb7 24. Qf3 Qb5 25. Rc4 Re5 26. Qd3 Qb7 27. Qf3 Qb5 28.
Qd3 Qb7 29. Qf3 1/2-1/2

[Event "9th Norway Chess 2021"]
[Site "Stavanger NOR"]
[Date "2021.09.13"]
[Round "6.3"]
[White "Rapport,R"]
[Black "Tari,A"]
[Result "1-0"]
[WhiteTitle "GM"]
[BlackTitle "GM"]
[WhiteElo "2760"]
[BlackElo "2642"]
[WhiteFideId "738590"]
[BlackFideId "1510045"]
[EventDate "2021.09.07"]

1. d4 d5 2. c4 e6 3. Nc3 c5 4. cxd5 cxd4 5. Qa4+ Bd7 6. Qxd4 exd5 7. Nf3 Nf6 8.
Bg5 Nc6 9. Qd3 Rc8 10. e3 h6 11. Bh4 Bb4 12. Rc1 O-O 13. Be2 g5 14. Bg3 Bxc3+
15. bxc3 Be6 16. Nd4 Nxd4 17. Qxd4 Ne4 18. f3 Nd6 19. Bxd6 Qxd6 20. h4 Qb6 21.
hxg5 Qxd4 22. exd4 hxg5 23. Rh5 f6 24. Bd3 Rf7 25. Kd2 Kf8 26. Re1 Rc6 27. Rh8+
Kg7 28. Reh1 f5 29. R1h7+ Kf6 30. Rh6+ Kg7 31. Bb5 Rc8 32. R8h7+ Kg8 33. Rxf7
Bxf7 34. Bd7 Rd8 35. Bxf5 Kg7 36. Rh7+ Kf6 37. Bd3 Rc8 38. Rh6+ Ke7 39. Bf5 Rc4
40. Kc2 b6 41. Kb3 Rc7 42. Bg4 Kf8 43. Rf6 Kg7 44. Rd6 Re7 45. g3 Kf8 46. a3 Re1
47. Rd8+ Re8 48. Rxe8+ Kxe8 49. Kb4 Kd8 50. Kb5 Kc7 51. Ka6 Kb8 52. f4 gxf4 53.
gxf4 Bg6 54. f5 Be8 55. Bf3 Bf7 56. a4 Bg8 57. Bh5 Kc7 58. Kxa7 1-0

[Event "9th Norway Armageddon"]
[Site "Stavanger NOR"]
[Date "2021.09.08"]
[Round "2.1"]
[White "Carlsen,M"]
[Black "Tari,A"]
[Result "1-0"]
[WhiteTitle "GM"]
[BlackTitle "GM"]
[WhiteElo "2855"]
[BlackElo "2642"]
[WhiteFideId "1503014"]
[BlackFideId "1510045"]
[EventDate "2021.09.07"]

1. e4 e5 2. Nf3 Nc6 3. Bc4 Nf6 4. d3 Bc5 5. c3 d6 6. Nbd2 a5 7. Nf1 Be6 8. Bb5
O-O 9. Ng3 Ne7 10. d4 exd4 11. cxd4 Bb4+ 12. Kf1 c6 13. Bd3 a4 14. a3 Bb3 15.
Bc2 Bxc2 16. Qxc2 Ba5 17. Qxa4 d5 18. e5 Ne4 19. Qc2 f5 20. Ne2 f4 21. Bxf4 Ng6
22. Be3 Nh4 23. Ng3 Nxf3 24. gxf3 Ng5 25. f4 Nf3 26. h4 c5 27. Kg2 Nxd4 28. Bxd4
cxd4 29. f5 Qe8 30. b4 Bb6 31. Rhe1 Rc8 32. Qb3 Rc4 33. Qf3 Qc6 34. f6 Qe6 35.
Nf5 g6 36. Ne7+ Kh8 37. Nxd5 d3 38. Nxb6 Rg4+ 39. Kf1 d2 40. Re3 Rd4 41. Rd1
Qxb6 42. e6 Qb5+ 43. Re2 Rd3 44. e7 Re8 45. Qe4 Qd7 46. f7 Qh3+ 47. Kg1 1-0

[Event "9th Norway Armageddon"]
[Site "Stavanger NOR"]
[Date "2021.09.08"]
[Round "2.3"]
[White "Karjakin,Sergey"]
[Black "Rapport,R"]
[Result "1/2-1/2"]
[WhiteTitle "GM"]
[BlackTitle "GM"]
[WhiteElo "2758"]
[BlackElo "2760"]
[WhiteFideId "14109603"]
[BlackFideId "738590"]
[EventDate "2021.09.07"]

1. e4 d5 2. exd5 Qxd5 3. Nc3 Qa5 4. d4 Nf6 5. Nf3 Bf5 6. Bc4 e6 7. Bd2 Bb4 8. a3
Bxc3 9. Bxc3 Qb6 10. Ne5 Nc6 11. O-O O-O 12. Bb3 Nxe5 13. dxe5 Rfd8 14. exf6
Rxd1 15. Raxd1 g5 16. Rd7 h5 17. Rfd1 Rf8 18. Re7 Kh7 19. Bc4 Kg6 20. Rdd7 Qc6
21. Rxc7 Qe4 22. Bf1 h4 23. h3 b6 24. Rxa7 g4 25. Red7 gxh3 26. Rd4 hxg2 27.
Rxe4 gxf1=R+ 28. Kxf1 Bxe4 29. Ra4 Kf5 30. f3 Bxc2 31. Rxh4 e5 32. Rh5+ Kxf6 33.
Rxe5 Kg6 34. Kf2 Rd8 35. Rb5 Rd6 36. Be5 Bd3 37. Bxd6 Bxb5 38. Bc7 Kf5 39. Ke3
Ke6 40. Bxb6 Kd5 41. b3 Bd7 42. Kd3 Bh3 43. a4 Bg2 44. f4 f5 45. Kc3 Bf3 46. Bc7
Bd1 47. Be5 Kc5 48. Kb2 Kd5 49. Kc3 Kc5 50. Bd4+ Kc6 51. Kc4 Bc2 52. Be3 Bd1 53.
Kb4 Bc2 54. Ka3 Kd5 55. Bf2 Bd1 56. b4 Kc4 57. b5 Bc2 58. Be1 Bd1 59. Bb4 Bc2
60. Bd6 Bd1 61. Bc7 Bc2 62. b6 Be4 63. a5 Kb5 64. Kb3 Bb7 65. Kc3 Kxa5 66. Kd4
Ka6 67. Ke5 Be4 1/2-1/2

[Event "9th Norway Armageddon"]
[Site "Stavanger NOR"]
[Date "2021.09.09"]
[Round "3.1"]
[White "Rapport,R"]
[Black "Carlsen,M"]
[Result "1/2-1/2"]
[WhiteTitle "GM"]
[BlackTitle "GM"]
[WhiteElo "2760"]
[BlackElo "2855"]
[WhiteFideId "738590"]
[BlackFideId "1503014"]
[EventDate "2021.09.07"]

1. g3 d5 2. Nf3 c5 3. Bg2 Nc6 4. O-O e5 5. d3 Be7 6. Na3 Be6 7. e4 d4 8. Nc4 Qc7
9. Ng5 Bxg5 10. Bxg5 f6 11. Bd2 h5 12. f4 h4 13. Qe1 hxg3 14. Qxg3 O-O-O 15. b3
Nh6 16. fxe5 Nxe5 17. Nxe5 fxe5 18. c3 Ng4 19. cxd4 exd4 20. Bf4 Qe7 21. Rac1 g5
22. Rxc5+ Qxc5 23. Rc1 Qxc1+ 24. Bxc1 Rxh2 25. Bxg5 Rg8 26. Qd6 Rxg5 27. Qxe6+
Kd8 28. Qd6+ Ke8 29. Bf3 Ne5+ 30. Kf1 Nxf3 31. Qe6+ Kd8 32. Qf6+ Ke8 33. Qxf3
Rc5 34. Kg1 Rxa2 35. Qf4 Rcc2 36. Qb8+ Ke7 37. Qe5+ Kf7 38. Qd5+ Kg6 39. Qf5+
Kg7 40. Qg5+ Kh7 41. Qh5+ Kg7 42. Qg5+ 1/2-1/2

[Event "9th Norway Armageddon"]
[Site "Stavanger NOR"]
[Date "2021.09.09"]
[Round "3.2"]
[White "Tari,A"]
[Black "Nepomniachtchi,I"]
[Result "0-1"]
[WhiteTitle "GM"]
[BlackTitle "GM"]
[WhiteElo "2642"]
[BlackElo "2792"]
[WhiteFideId "1510045"]
[BlackFideId "4168119"]
[EventDate "2021.09.07"]

1. e4 c5 2. Nc3 d6 3. f4 g6 4. Nf3 Bg7 5. Bb5+ Bd7 6. Bc4 Nc6 7. d3 Na5 8. Bd2
e6 9. Qe2 Ne7 10. e5 Nf5 11. Bb5 d5 12. Bxd7+ Qxd7 13. Nxd5 exd5 14. Bxa5 Qb5
15. Bc3 d4 16. Bd2 Qxb2 17. O-O O-O 18. Qe4 b6 19. g4 Ne3 20. Bxe3 dxe3 21. Rae1
Qxc2 22. f5 Rfe8 23. e6 Qxa2 24. Rxe3 fxe6 25. fxg6 h6 26. g5 Qd5 27. Qh4 Qf5
28. Qh5 Rf8 29. Re4 Rf6 30. Rg4 Rxg6 31. Nh4 Qxg4+ 0-1

[Event "9th Norway Armageddon"]
[Site "Stavanger NOR"]
[Date "2021.09.09"]
[Round "3.3"]
[White "Firouzja,Alireza"]
[Black "Karjakin,Sergey"]
[Result "0-1"]
[WhiteTitle "GM"]
[BlackTitle "GM"]
[WhiteElo "2754"]
[BlackElo "2758"]
[WhiteFideId "12573981"]
[BlackFideId "14109603"]
[EventDate "2021.09.07"]

1. b3 e5 2. Bb2 Nc6 3. c4 Nf6 4. Nf3 e4 5. Nd4 Nxd4 6. Bxd4 b6 7. g3 Bb7 8. Bg2
Bc5 9. Bb2 h5 10. d4 Bb4+ 11. Nc3 h4 12. e3 d5 13. Qc2 Bc8 14. h3 hxg3 15. fxg3
c6 16. O-O-O Be6 17. Ne2 a5 18. Nf4 a4 19. Kb1 axb3 20. Qxb3 Bd6 21. cxd5 cxd5
22. g4 O-O 23. g5 Bxf4 24. gxf6 Bh6 25. fxg7 Kxg7 26. Bxe4 f5 27. Rhg1+ Kh7 28.
Bd3 Qd6 29. Rg2 Bxe3 30. Re1 Bh6 31. Qd1 Bd7 32. Qh5 Rf6 33. Reg1 Qf8 34. Bc1
Qb4+ 35. Bb2 Qf8 36. a3 Rc8 37. Rg6 Be8 38. Rxf6 Bxh5 39. Rxf5 Kh8 40. Rxf8+
Rxf8 41. Re1 Rf3 42. Re6 Kg7 43. Be2 Rxh3 44. Bxh5 Rxh5 45. Rxb6 Be3 46. a4 Rh4
47. a5 Bxd4 48. Rb4 Rh1+ 49. Ka2 Bxb2 50. Kxb2 Kf6 51. a6 Rh8 52. Kb3 Ke5 53.
Rb6 d4 54. a7 Ra8 55. Ra6 Kd5 56. Kb4 d3 57. Kb5 d2 58. Ra1 Kd4 59. Kb4 Kd3 60.
Ra3+ Ke2 61. Ra2 Ke1 62. Ra1+ d1=Q 0-1

[Event "9th Norway Armageddon"]
[Site "Stavanger NOR"]
[Date "2021.09.10"]
[Round "4.3"]
[White "Tari,A"]
[Black "Karjakin,Sergey"]
[Result "0-1"]
[WhiteTitle "GM"]
[BlackTitle "GM"]
[WhiteElo "2642"]
[BlackElo "2758"]
[WhiteFideId "1510045"]
[BlackFideId "14109603"]
[EventDate "2021.09.07"]

1. e4 e5 2. Nf3 Nc6 3. Bb5 Nf6 4. d3 Bc5 5. Bg5 Be7 6. O-O d6 7. d4 O-O 8. Bxc6
bxc6 9. Nc3 h6 10. Be3 exd4 11. Nxd4 Bd7 12. h3 c5 13. Nde2 Bc6 14. Ng3 Re8 15.
Qf3 Bf8 16. Rad1 Qe7 17. Nf5 Qe5 18. Nd5 Nxd5 19. exd5 Bd7 20. Ng3 Qxb2 21. Nh5
Qxc2 22. Bxh6 Qf5 23. Bf4 Rab8 24. Ng3 Qf6 25. Rfe1 Rxe1+ 26. Rxe1 Qg6 27. Qa3
Rb1 28. Rxb1 Qxb1+ 29. Kh2 Qb4 30. Qe3 Qd4 31. Qf3 c4 32. Be3 Qd3 33. Ne4 c3 34.
Qf4 c2 35. Ng5 Qf5 36. Qc4 Qe5+ 37. g3 Qf5 38. Qxc7 Bb5 39. g4 Qe5+ 40. f4 Qxd5
41. Qxc2 Bd3 42. Qc8 Qxa2+ 43. Kg3 a5 44. f5 Qe2 45. Qe8 Bc4 46. Qe4 a4 47. f6
g6 48. h4 Qd3 49. Qe8 a3 50. h5 gxh5 51. gxh5 Be6 52. Kf2 Qf5+ 53. Nf3 Bd5 54.
Bh6 Qxf3+ 55. Ke1 Qe4+ 0-1

[Event "9th Norway Armageddon"]
[Site "Stavanger NOR"]
[Date "2021.09.12"]
[Round "5.2"]
[White "Nepomniachtchi,I"]
[Black "Rapport,R"]
[Result "1-0"]
[WhiteTitle "GM"]
[BlackTitle "GM"]
[WhiteElo "2792"]
[BlackElo "2760"]
[WhiteFideId "4168119"]
[BlackFideId "738590"]
[EventDate "2021.09.07"]

1. e4 d5 2. exd5 Qxd5 3. Nc3 Qa5 4. d4 Nf6 5. Nf3 Bf5 6. Ne5 c6 7. Bf4 e6 8. g4
Bg6 9. h4 Bb4 10. Bd2 Nbd7 11. Nxd7 Kxd7 12. h5 Be4 13. Rh3 h6 14. a3 Bxc3 15.
Rxc3 Qc7 16. Qe2 Bd5 17. Re3 b5 18. b3 Qh2 19. Rg3 Ne4 20. Rh3 Nxd2 21. Rxh2
Nf3+ 22. Kd1 Nxh2 23. Kc1 Nxf1 24. Qxf1 a5 25. Qe2 b4 26. axb4 axb4 27. Rxa8
Rxa8 28. Kb2 f6 29. f4 Ra5 30. Qd3 Ke7 31. Qh7 Kf8 32. Qh8+ Kf7 33. Qd8 Rb5 34.
g5 fxg5 35. fxg5 hxg5 36. Qxg5 Rb7 37. Qd8 Rb5 38. Qd7+ Kf8 39. Kc1 Kg8 40. Kd2
Kh7 41. Qf7 Kh8 42. Ke3 Rb8 43. Qe7 Kg8 44. Qd6 Rb7 45. Qd8+ Kh7 46. Qe8 Ra7 47.
Qg6+ Kh8 48. Qe8+ Kh7 49. Qb8 Ra2 50. Kd3 Bf3 51. Qxb4 Bxh5 52. c4 Bg6+ 53. Ke3
Rb2 54. Qa3 Rb1 55. Qa4 Bf5 56. Kf4 Kh6 57. Qxc6 g5+ 58. Ke5 Kh5 59. d5 Re1+ 60.
Kf6 Rf1 61. Kg7 exd5 62. cxd5 Rd1 63. b4 Kg4 64. b5 Be4 65. Qe6+ Kf4 66. d6 Bf5
67. Qe2 Rd5 68. b6 g4 69. b7 1-0

[Event "9th Norway Chess 2021"]
[Site "Stavanger NOR"]
[Date "2021.09.14"]
[Round "7.1"]
[White "Tari,A"]
[Black "Carlsen,M"]
[Result "0-1"]
[WhiteTitle "GM"]
[BlackTitle "GM"]
[WhiteElo "2642"]
[BlackElo "2855"]
[WhiteFideId "1510045"]
[BlackFideId "1503014"]
[EventDate "2021.09.07"]

1. e4 e5 2. Nf3 Nc6 3. Bb5 a6 4. Ba4 Nf6 5. O-O Be7 6. Re1 b5 7. Bb3 O-O 8. c3
Na5 9. Bc2 d5 10. d4 dxe4 11. Nxe5 c5 12. Be3 Bb7 13. Nd2 Rc8 14. h3 Re8 15. Ng4
Nd5 16. Bxe4 Nxe3 17. Nxe3 cxd4 18. cxd4 Bxe4 19. Nxe4 Bb4 20. Nc3 Rxc3 21. bxc3
Bxc3 22. Re2 Bxa1 23. Qxa1 Nc4 24. Qe1 Nd6 25. Nd5 Rxe2 26. Qxe2 Kf8 27. Ne3 g6
28. Qf3 Kg7 29. Qd5 Qf6 30. a3 Qe6 31. Qc5 Ne4 32. Qc2 h5 33. Qd3 Nd6 34. Qd2
Qf6 35. Nd5 Nc4 36. Qc3 Qd6 37. Nb4 a5 38. Nc2 a4 39. Qd3 h4 40. d5 Qe5 41. Ne3
Qa1+ 42. Kh2 Qe5+ 43. Kg1 Nxe3 44. fxe3 b4 45. d6 Qa1+ 46. Kf2 bxa3 47. d7 Qf6+
48. Ke2 a2 49. d8=Q Qxd8 50. Qxd8 a1=Q 51. Qxh4 a3 0-1

[Event "9th Norway Chess 2021"]
[Site "Stavanger NOR"]
[Date "2021.09.15"]
[Round "8.2"]
[White "Nepomniachtchi,I"]
[Black "Tari,A"]
[Result "0-1"]
[WhiteTitle "GM"]
[BlackTitle "GM"]
[WhiteElo "2792"]
[BlackElo "2642"]
[WhiteFideId "4168119"]
[BlackFideId "1510045"]
[EventDate "2021.09.07"]

1. c4 e5 2. Nc3 Bb4 3. Nd5 Be7 4. Nf3 d6 5. g3 Nf6 6. Nc3 c5 7. Bg2 h6 8. d3 Be6
9. Nd2 Qd7 10. O-O O-O 11. Nd5 Nxd5 12. cxd5 Bh3 13. e4 Bxg2 14. Kxg2 f5 15. f4
exf4 16. gxf4 Bf6 17. Nc4 Na6 18. Qf3 Rae8 19. Qh3 Bd4 20. Be3 b5 21. Bxd4 bxc4
22. Bc3 cxd3 23. Rg1 Rf7 24. Kh1 Rxe4 25. Rg6 Rxf4 26. Rag1 Rg4 27. R1xg4 fxg4
28. Qxd3 Nb4 29. Qe4 Re7 30. Qf4 Nxd5 31. Qc4 Qf5 32. Rxg4 Kh7 33. Bd2 Qf3+ 34.
Kg1 Qd1+ 0-1

[Event "9th Norway Chess 2021"]
[Site "Stavanger NOR"]
[Date "2021.09.16"]
[Round "9.2"]
[White "Rapport,R"]
[Black "Nepomniachtchi,I"]
[Result "1/2-1/2"]
[WhiteTitle "GM"]
[BlackTitle "GM"]
[WhiteElo "2760"]
[BlackElo "2792"]
[WhiteFideId "738590"]
[BlackFideId "4168119"]
[EventDate "2021.09.07"]

1. d4 Nf6 2. c4 e6 3. Nf3 d5 4. Bg5 h6 5. Bxf6 Qxf6 6. Nc3 Bb4 7. e3 O-O 8. Rc1
dxc4 9. Bxc4 c5 10. O-O cxd4 11. Nxd4 Bd7 12. Qb3 Nc6 13. Nxc6 Bxc3 14. Rxc3
Bxc6 15. Bb5 Bd5 16. Bc4 Bc6 17. Bb5 Bd5 18. Bc4 Bc6 1/2-1/2

[Event "9th Norway Chess 2021"]
[Site "Stavanger NOR"]
[Date "2021.09.17"]
[Round "10.3"]
[White "Karjakin,Sergey"]
[Black "Tari,A"]
[Result "1/2-1/2"]
[WhiteTitle "GM"]
[BlackTitle "GM"]
[WhiteElo "2758"]
[BlackElo "2642"]
[WhiteFideId "14109603"]
[BlackFideId "1510045"]
[EventDate "2021.09.07"]

1. d4 Nf6 2. c4 e6 3. Nf3 d5 4. e3 b6 5. Nc3 Bb7 6. cxd5 exd5 7. g3 Nbd7 8. Bg2
Bd6 9. O-O O-O 10. b3 a6 11. Bb2 Re8 12. Rc1 Rc8 13. Rc2 Qe7 14. Ne2 Ne4 15. Nf4
a5 16. Qa1 a4 17. bxa4 Ra8 18. Rfc1 Qd8 19. Bf1 c6 20. Rxc6 Bxc6 21. Rxc6 Bxf4
22. exf4 Rxa4 23. Bb5 Rb4 24. a4 Rb3 25. Ne5 Nxe5 26. dxe5 Qe7 27. Qc1 Qb4 28.
Rc8 Rxc8 29. Qxc8+ Qf8 30. Qc2 Qb4 31. Qc8+ Qf8 32. Qc2 Qb4 33. Qc8+ 1/2-1/2

[Event "9th Norway Armageddon"]
[Site "Stavanger NOR"]
[Date "2021.09.13"]
[Round "6.2"]
[White "Karjakin,Sergey"]
[Black "Nepomniachtchi,I"]
[Result "1-0"]
[WhiteTitle "GM"]
[BlackTitle "GM"]
[WhiteElo "2758"]
[BlackElo "2792"]
[WhiteFideId "14109603"]
[BlackFideId "4168119"]
[EventDate "2021.09.07"]

1. e4 e5 2. Bc4 Nf6 3. d3 c6 4. Nf3 d5 5. Bb3 a5 6. a4 Bb4+ 7. c3 Bd6 8. exd5
cxd5 9. Bg5 Be6 10. Na3 Nbd7 11. Nb5 Bb8 12. O-O O-O 13. Bh4 h6 14. Re1 Re8 15.
d4 e4 16. Nd2 Ra6 17. c4 dxc4 18. Bxc4 Bxc4 19. Nxc4 Qe7 20. d5 Qb4 21. b3 Ne5
22. d6 Nxc4 23. bxc4 Bxd6 24. Bxf6 gxf6 25. Qg4+ Kf8 26. Rxe4 Rxe4 27. Qxe4 Bc5
28. Nc7 Bxf2+ 29. Kf1 Qd2 30. Qf3 Rd6 31. Nb5 Qb2 32. Nxd6 Qxa1+ 33. Kxf2 Qd4+
34. Ke2 Qxd6 35. Qxb7 Qe5+ 36. Kd3 Qf5+ 37. Qe4 Qf1+ 38. Kd4 Qd1+ 39. Kc5 Qxa4
40. Qb1 Qa3+ 41. Kb5 Kg7 42. c5 a4 43. Qb4 Qb3 44. c6 Qd5+ 45. Kb6 Qb3 46. Kc5
Qe3+ 47. Kb5 Qb3 48. c7 Qd5+ 49. Qc5 Qd7+ 50. Qc6 Qc8 51. Kxa4 h5 52. Kb5 h4 53.
Kb6 h3 54. g3 f5 55. Ka7 1-0